Loading...
| Science - Physics | 0 | 13 | 1 | 4 | 125 | 42 | 100.38 | 3 | 6 | 0.00 | 0.00 |
| Science - Other | 0 | 11 | 1 | 0 | 105 | 53 | 85.00 | 2 | 8 | 0.00 | 0.00 |
| Science - Biology | 0 | 9 | 3 | 1 | 75 | 35 | 82.89 | 4 | 5 | 0.00 | 0.00 |
| Science - Chemistry | 0 | 9 | 4 | 2 | 70 | 45 | 89.56 | 1 | 6 | 0.00 | 0.00 |
| Social Science | 0 | 7 | 1 | 2 | 65 | 22 | 105.00 | 2 | 3 | 0.00 | 0.00 |
| Philosophy | 0 | 2 | 1 | 0 | 15 | 87 | 100.50 | 0 | 0 | 0.00 | 0.00 |
| Geography | 0 | 1 | 0 | 0 | 10 | 86 | 86.00 | 0 | 1 | 0.00 | 0.00 |
| Fine Arts - Classical Music | 0 | 1 | 0 | 0 | 10 | 89 | 89.00 | 0 | 1 | 0.00 | 0.00 |
| Literature - British | 0 | 1 | 0 | 0 | 10 | 113 | 113.00 | 0 | 1 | 0.00 | 0.00 |
| Current Events | 0 | 1 | 0 | 0 | 10 | 113 | 113.00 | 0 | 0 | 0.00 | 0.00 |
| History - American | 0 | 1 | 0 | 0 | 10 | 128 | 128.00 | 0 | 0 | 0.00 | 0.00 |
| Religion | 0 | 0 | 1 | 0 | -5 | 0.00 | 0 | 0 | 0.00 | 0.00 | |
| History - Other | 0 | 0 | 2 | 0 | -10 | 0.00 | 0 | 0 | 0.00 | 0.00 | |
| Other Academic | 0 | 0 | 2 | 0 | -10 | 0.00 | 0 | 0 | 0.00 | 0.00 |